00395nam a2200145Ia 4500008004100000020001500041041000800056082001600064100003600080245006800116250000600184260003700190300001200227650001000239210716s2000 xx 000 0 und d a8177220578 aeng a005.44 TSUH aTsuji, Hide; Watanabe, Takashi. aSetting up a linux server: visual black bookbVisual black book a1 aNew DelhibDreamtech Pressc2000 axii,247 aLinux